00981 a2200181 4500003000500000005001700005010001600022020001500038040000900053082002000062100002200082245006400104260004500168300003400213505049500247650002800742650002900770Nust20221124083700.0 a 84011112 a0827338740 cNust00a621.3810287,CRO1 aCrozier, Patrick,10aElectronic instruments and measurements /cPatrick Crozier. aBoston, MA :bBreton Publishers,cc1985. axvi, 383 p. :bill. ;c25 cm. aMeasurement Process (Page-1), Parameters, Units and Standards (Page-14), Methods of Data Analysis (Page-30), Records and Reports (Page-52), Analog Meters (Page-70), Digital Meters (Page-106), Bridges (Page-129), Oscilloscopes (Page-151), Oscillators and Generators (Page-186), Electronic Counters (Page-213), Dc Voltage Sources (Page-236), Potentiometers Recorders and Transducers (Page-261), Analyzers (Page-282), Automatic Test Equipment (Page-301), Instrument Calibration (Page-318),  0aElectronic instruments. 0aElectronic measurements.